Little Journeys to the Homes of the Great - Volume 06 : (Record no. 235629)
[ view plain ]
| 000 -LEADER | |
|---|---|
| fixed length control field | 01328cam a22003613a 4500 |
| 001 - CONTROL NUMBER | |
| control field | 6306 |
| 003 - CONTROL NUMBER IDENTIFIER | |
| control field | PGUSA |
| 005 - DATE AND TIME OF LATEST TRANSACTION | |
| control field | 20140828083130.0 |
| 008 - FIXED-LENGTH DATA ELEMENTS--GENERAL INFORMATION | |
| fixed length control field | 040801s2004||||xxu|||||s|||||000 | eng d |
| 040 ## - CATALOGING SOURCE | |
| Original cataloging agency | PGUSA |
| Language of cataloging | eng |
| 042 ## - AUTHENTICATION CODE | |
| Authentication code | dc |
| 050 #4 - LIBRARY OF CONGRESS CALL NUMBER | |
| Classification number | N |
| 100 1# - MAIN ENTRY--PERSONAL NAME | |
| Personal name | Hubbard, Elbert, |
| Dates associated with a name | 1856-1915 |
| 245 10 - TITLE STATEMENT | |
| Title | Little Journeys to the Homes of the Great - Volume 06 : |
| Remainder of title | Little Journeys to the Homes of Eminent Artists |
| Medium | [electronic resource] / |
| Statement of responsibility, etc | Elbert Hubbard |
| 260 ## - PUBLICATION, DISTRIBUTION, ETC. (IMPRINT) | |
| Name of publisher, distributor, etc | Project Gutenberg, |
| Date of publication, distribution, etc | 2004 |
| 505 0# - FORMATTED CONTENTS NOTE | |
| Formatted contents note | Raphael -- Leonardo -- Botticelli -- Thorwaldsen -- Gainsborough -- Velasquez -- Corot -- Correggio -- Bellini -- Cellini -- Whistler. |
| 506 ## - RESTRICTIONS ON ACCESS NOTE | |
| Terms governing access | Public domain in the USA. |
| 516 ## - TYPE OF COMPUTER FILE OR DATA NOTE | |
| Type of computer file or data note | Electronic text |
| 653 ## - INDEX TERM--UNCONTROLLED | |
| Uncontrolled term | Velázquez, Diego, 1599-1660 |
| 653 ## - INDEX TERM--UNCONTROLLED | |
| Uncontrolled term | Bellini, Giovanni, d. 1516 |
| 653 ## - INDEX TERM--UNCONTROLLED | |
| Uncontrolled term | Whistler, James McNeill, 1834-1903 |
| 653 ## - INDEX TERM--UNCONTROLLED | |
| Uncontrolled term | Corot, Jean-Baptiste-Camille, 1796-1875 |
| 653 ## - INDEX TERM--UNCONTROLLED | |
| Uncontrolled term | Botticelli, Sandro, 1444 or 5-1510 |
| 653 ## - INDEX TERM--UNCONTROLLED | |
| Uncontrolled term | Raphael, 1483-1520 |
| 653 ## - INDEX TERM--UNCONTROLLED | |
| Uncontrolled term | Leonardo, da Vinci, 1452-1519 |
| 653 ## - INDEX TERM--UNCONTROLLED | |
| Uncontrolled term | Thorvaldsen, Bertel, 1770-1844 |
| 653 ## - INDEX TERM--UNCONTROLLED | |
| Uncontrolled term | Gainsborough, Thomas, 1727-1788 |
| 653 ## - INDEX TERM--UNCONTROLLED | |
| Uncontrolled term | Cellini, Benvenuto, 1500-1571 |
| 653 ## - INDEX TERM--UNCONTROLLED | |
| Uncontrolled term | Correggio, 1489?-1534 |
| 830 #0 - SERIES ADDED ENTRY--UNIFORM TITLE | |
| Uniform title | Project Gutenberg |
| Volume number/sequential designation | 6306 |
| 856 40 - ELECTRONIC LOCATION AND ACCESS | |
| Uniform Resource Identifier | <a href="http://www.gutenberg.org/ebooks/6306">http://www.gutenberg.org/ebooks/6306</a> |
| 942 ## - ADDED ENTRY ELEMENTS (KOHA) | |
| Koha item type | eBooks |
| Withdrawn status | Lost status | Damaged status | Home library | Current library | Date acquired | Total Checkouts | Date last seen | Price effective from | Koha item type |
|---|---|---|---|---|---|---|---|---|---|
| Project Gutenberg | Project Gutenberg | 08/28/2014 | 08/28/2014 | 08/28/2014 | eBooks |